Star Wars Quiz 2025 - Statistics

General Stats
  • This quiz has been taken 134 times
  • The average score is 9 of 15
Answer Stats
Hint Answer % Correct
What is Count Dooku's Sith Name? Darth Tyranus
91%
Who Is Anakin Skywalker's padawan? Ahsoka Tano
90%
Who was the Commander of the first Deathstar? Grand Moff Wilhuff Tarkin
88%
Who was the original template for the clone? Jango Fett
87%
What is the name of the female Jedi Master who shares the same species as Yoda? Yaddle
81%
What planet does Poggle the Lesser come from? Geonosis
75%
Who was the Commander of the 212th Attack Battalion? Commander Cody
69%
In the clone wars tv series, Who was impaled by Darth Maul in front of Obi Wan Kenobi? Duchess Satine Kryze
59%
What was Kanan Jarrus' origional name? Caleb Dume
48%
Who was in command of the ship: Executor Admiral Firmus Piett
42%
What planet were Luke and Leia born on? Polis Massa
37%
Who was Darth Plagueis' Master? Darth Tenebrous
28%
At the start of AOTC, what is the name of Padme's body double that gets blown up? Corde
27%
What special ability does Mace Windu have that gives him an advantage when fighting a dark side opponent? Vaapad
20%
On what planet did General Grievous have his secret lair? Vassek
12%
No matching quizzes found
Score Distribution
Percent of People with Each Score
Percentile by Number Answered
Your Score History
You have not taken this quiz